| 000 | 00581nam a22002057a 4500 | ||
|---|---|---|---|
| 003 | KOHA_MİRAKIL | ||
| 005 | 20260416064619.0 | ||
| 008 | 260415b tu ||||| |||| 00| 0 tur d | ||
| 020 | _a9789755339313 | ||
| 040 |
_aTR-AnABB _btur _cTR-AnABB |
||
| 041 | _atur | ||
| 082 |
_a812.32 _bKEM 2019 |
||
| 100 | _aKemal, Namık, 1840-1888 | ||
| 245 | 1 | 0 |
_aVatan yahut silistre / _cNamık Kemal |
| 260 |
_aAnkara : _bİmge Kitabevi, _c2019 |
||
| 300 |
_a111 sayfa ; _c20 cm |
||
| 650 | 0 | 4 | _aTürk edebiyatı, tiyatro |
| 900 | _bCan ÇELIK | ||
| 942 |
_2ddc _cBK |
||
| 999 |
_c10268 _d10268 |
||